Flagi państw z pięcioma gwiazdami - Statystyki

Ogólne statystyki
  • Ten quiz został rozwiązany 2 211 razy
  • Średni wynik to 6 z 7
Statystyki odpowiedzi
Obrazkowy Odpowiedź % Poprawnych
Chiny
99%
Singapur
96%
Papua-Nowa Gwinea
92%
Honduras
90%
Turkmenistan
90%
Samoa
78%
Wyspy Salomona
66%
Nie znaleziono quizów pasujących do podanych kryteriów
Rozkład punktacji
Procent ludzi z każdym wynikiem
Percentyl według liczby udzielonych odpowiedzi
Twoja historia wyników
Nie rozwiązałeś tego quizu